Формирование проводимости в фторсодержащих полимерах методом радиацианно-прививочной полимеризации; Перспективы развития фундаментальных наук; Т. 2 : Химия

Bibliografiset tiedot
Parent link:Перспективы развития фундаментальных наук=Prospects of Fundamental Sciences Development: сборник научных трудов XIII Международной конференции студентов, аспирантов и молодых ученых, г. Томск, 26-29 апреля 2016 г./ Национальный исследовательский Томский политехнический университет (ТПУ) ; под ред. И. А. Курзиной, Г. А. Вороновой.— , 2016
Т. 2 : Химия.— 2016.— [С. 151-153]
Päätekijä: Дюсембекова А. А.
Yhteisötekijä: Национальный исследовательский Томский политехнический университет
Muut tekijät: Каримов А. (научный руководитель), Иль А. П., Сохорева В. В. Валентина Викторовна
Yhteenveto:Заглавие с титульного экрана
Nanocomposite proton-exchange membranes (NCPEM) for low-temperature fuel cells, studied andproduced by the authors, are being discussed. The membranes are represented by nanoporous matrices, based onsilicon and aluminum, with polymeric electrolyte encapsulated into the pores. As to characteristics, that NCPEMdemonstrate, when being operated at room temperature, they dominate over those, pertinent to the most widelyused Nafion and additionally feature proton conductivity even in vacuum. Above all, such materials aresignificantly cheaper as compared to Nafion. The paper also presents some structural and technologicalpeculiarities of NCPEM formation, as well as their physical characteristics.
Kieli:venäjä
Julkaistu: 2016
Aiheet:
Linkit:http://earchive.tpu.ru/handle/11683/25870
Aineistotyyppi: Elektroninen Kirjan osa
KOHA link:https://koha.lib.tpu.ru/cgi-bin/koha/opac-detail.pl?biblionumber=618176

MARC

LEADER 00000naa2a2200000 4500
001 618176
005 20250513153556.0
035 |a (RuTPU)RU\TPU\conf\16557 
035 |a RU\TPU\conf\16556 
090 |a 618176 
100 |a 20160525d2016 k y0rusy50 ca 
101 0 |a rus 
102 |a RU 
105 |a y z 101zy 
135 |a drcn ---uucaa 
181 0 |a i  
182 0 |a b 
200 1 |a Формирование проводимости в фторсодержащих полимерах методом радиацианно-прививочной полимеризации  |d The formation conductivity in the fluoropolymer by radiation draft polymerization  |f А. А. Дюсембекова, А. Каримов, А. П. Иль  |g науч. рук. В. В. Сохорева 
203 |a Текст  |c электронный 
300 |a Заглавие с титульного экрана 
320 |a [Библиогр.: с. 153 (5 назв.)] 
330 |a Nanocomposite proton-exchange membranes (NCPEM) for low-temperature fuel cells, studied andproduced by the authors, are being discussed. The membranes are represented by nanoporous matrices, based onsilicon and aluminum, with polymeric electrolyte encapsulated into the pores. As to characteristics, that NCPEMdemonstrate, when being operated at room temperature, they dominate over those, pertinent to the most widelyused Nafion and additionally feature proton conductivity even in vacuum. Above all, such materials aresignificantly cheaper as compared to Nafion. The paper also presents some structural and technologicalpeculiarities of NCPEM formation, as well as their physical characteristics. 
461 1 |0 (RuTPU)RU\TPU\conf\16353  |t Перспективы развития фундаментальных наук  |l Prospects of Fundamental Sciences Development  |o сборник научных трудов XIII Международной конференции студентов, аспирантов и молодых ученых, г. Томск, 26-29 апреля 2016 г.   |o в 7 т.  |f Национальный исследовательский Томский политехнический университет (ТПУ) ; под ред. И. А. Курзиной, Г. А. Вороновой  |d 2016 
463 0 |0 (RuTPU)RU\TPU\conf\16355  |t Т. 2 : Химия  |v [С. 151-153]  |d 2016 
510 1 |a The formation conductivity in the fluoropolymer by radiation draft polymerization  |z eng 
610 1 |a труды учёных ТПУ 
610 1 |a электронный ресурс 
610 1 |a мембраны 
610 1 |a фторсодержащие полимеры 
610 1 |a фторопласты 
610 1 |a циклотроны 
610 1 |a полимеризация 
700 1 |a Дюсембекова  |b А. А. 
701 1 |a Каримов  |b А. 
701 1 |a Иль  |b А. П. 
702 1 |a Сохорева  |b В. В.  |c физик  |c старший научный сотрудник Томского политехнического университета  |f 1944-  |g Валентина Викторовна  |4 727 
712 0 2 |a Национальный исследовательский Томский политехнический университет  |c (2009- )  |9 26305 
801 2 |a RU  |b 63413507  |c 20160628  |g RCR 
850 |a 63413507 
856 4 |u http://earchive.tpu.ru/handle/11683/25870 
942 |c BK